Find the Provinces of Canada - No Outlines Quiz Stats

 Plays Quiz Updated Dec 21, 2017

Score 0/13 Timer 02:00
9 Plays Today
% Correct
British Columbia
89%
Ontario
87.6%
Quebec
85.8%
Nunavut
85.2%
Newfoundland and Labrador
83.9%
Northwest Territories
82%
Yukon
81.9%
Alberta
79.8%
Saskatchewan
77.8%
Manitoba
75.1%
New Brunswick
73.1%
Nova Scotia
72.9%
Prince Edward Island
68.1%

You're not logged in!

Compare scores with friends on all Sporcle quizzes.
OR
Log In

Show Comments

Extras

Top Quizzes Today


Score Distribution

Your Account Isn't Verified!

In order to create a playlist on Sporcle, you need to verify the email address you used during registration. Go to your Sporcle Settings to finish the process.

Report this User

Report this user for behavior that violates our Community Guidelines.

Details: